Monuments par pays - Statistiques

Statistiques générales
  • Ce quiz a été pris 2 063 fois
  • Le résultat moyen est 14 sur 15
Statistiques - réponses
Par images Réponse % Correct
France
100%
Egypte
99%
Etats Unis
99%
Italie
99%
Brésil
98%
Royaume Uni
98%
Chine
96%
Inde
96%
Australie
95%
Grèce
94%
Russie
94%
Japon
83%
Pérou
83%
Allemagne
80%
Danemark
56%
Aucun quiz correspondant
Distribution des résultats
% des personnes avec chaque résultat
Percentile par nombre de réponses
Votre historique - résultats
Vous n’avez pas pris ce quiz